Wszystkie Stolice Azji - Statystyki

Ogólne statystyki
  • Ten quiz został rozwiązany 81 razy
    75 od ostatniego zresetowania
  • Średni wynik to 31 z 48
Statystyki odpowiedzi
Podpowiedź Odpowiedź % Poprawnych
Turcja Ankara
96%
Izrael Jerozolima
89%
Azerbejdżan Baku
86%
Japonia Tokio
86%
Tajlandia Bangkok
82%
Syria Damaszek
79%
Cypr Nikozja
79%
Indie Nowe Delhi
79%
Chiny Pekin
79%
Korea Południowa Seul
79%
Singapur Singapur
79%
Zjednoczone Emiraty Arabskie Abu Zabi
75%
Kuwejt Kuwejt
75%
Malediwy Male
75%
Gruzja Tbilisi
75%
Iran Teheran
75%
Liban Bejrut
71%
Armenia Erywań
71%
Afganistan Kabul
71%
Filipiny Manila
71%
Kazachstan Nursułtan
71%
Arabia Saudyjska Rijad
71%
Irak Bagdad
68%
Korea Północna Pjongjang
68%
Wietnam Hanoi
64%
Oman Maskat
64%
Mongolia Ułan Bator
64%
Katar Ad-Dauha
61%
Jordania Amman
61%
Bangladesz Dhaka
61%
Jemen Sana
61%
Tajwan Tajpej
61%
Kirgistan Biszkek
57%
Pakistan Islamabad
57%
Nepal Katmandu
57%
Malezja Kuala Lumpur
57%
Bahrajn Manama
57%
Sri Lanka Sri Dźajawardanapura Kotte
57%
Laos Wientian
57%
Indonezja Dżakarta
54%
Uzbekistan Taszkent
50%
Tadżykistan Duszanbe
46%
Bhutan Thimphu
46%
Turkmenistan Aszchabad
43%
Timor Wschodni Dili
43%
Mjanma Naypyidaw
39%
Brunei Bandar Seri Begawan
36%
Kambodża Phnom Penh
32%
Nie znaleziono quizów pasujących do podanych kryteriów
Rozkład punktacji
Procent ludzi z każdym wynikiem
Percentyl według liczby udzielonych odpowiedzi
Twoja historia wyników
Nie rozwiązałeś tego quizu od ostatniego zresetowania